To the ends of the earth : four expeditions to the Arctic, the Congo, the Gobi, and Siberia /

Bibliographic Details
Main Author: Perkins, John, 1948-
Format: Book
Language:English
Published: New York : Pantheon Books, [1981]
Edition:1st ed.
Subjects:

MARC

Tag First Indicator Second Indicator Subfields
LEADER 00000pam a2200000 a 4500
001 in00000080837
005 20151008054109.0
008 810528s1981 nyuab b 00010deng
010 |a  81047209  
020 |a 0394509005 :  |c $27.50 
035 |a (OCoLC)07575450 
035 |9 AAH9621AM 
039 0 |a 2  |b 3  |c 3  |d 3  |e 3 
040 |a DLC  |c DLC  |d TXA  |d UtOrBLW 
043 |a n-us--- 
049 |a TXAM  |c [1441920] 
050 0 0 |a G222  |b .P47 
082 0 |a 910/.973  |2 19 
100 1 |a Perkins, John,  |d 1948- 
245 1 0 |a To the ends of the earth :  |b four expeditions to the Arctic, the Congo, the Gobi, and Siberia /  |c by John Perkins with the American Museum of Natural History ; [book design by Susan Mitchell, maps created by David Lindroth]. 
250 |a 1st ed. 
264 1 |a New York :  |b Pantheon Books,  |c [1981] 
264 4 |c ©1981 
300 |a 183 pages :  |b illustrations, maps ;  |c 24 x 31 cm. 
336 |a text  |b txt  |2 rdacontent 
337 |a unmediated  |b n  |2 rdamedia 
338 |a volume  |b nc  |2 rdacarrier 
504 |a Includes bibliographical references. 
650 0 |a Discoveries in geography  |x American. 
650 0 |a Explorers  |z United States  |v Biography. 
999 |a MARS 
999 f f |s ca7ba009-dffa-34be-b400-9fc696de9e37  |i 9a0cbcad-f0da-304d-8764-4c05cc67aee2  |t 0 
952 f f |p ric  |a Texas A&M University  |b Rellis Campus  |c Joint Library Facility  |d Remote Storage  |t 0  |e G222 .P47  |h Library of Congress classification  |i unmediated -- volume  |m A14806112844 
998 f f |a G222 .P47  |t 0  |l Remote Storage